| 000 | 00671cam a2200205 i 4500 | ||
|---|---|---|---|
| 005 | 20251108173229.0 | ||
| 008 | 250721s2002 le gr 000 0 ara d | ||
| 082 | 1 | 4 |
_a135.3 _bه ا ش |
| 100 | 1 |
_aالهاشمي، عبد المنعم _eمؤلف. |
|
| 245 | 1 | 0 |
_aرؤيا الأنبياء والصالحين / _cعبد المنعم الهاشمي. |
| 250 | _aالطبعة الاولى. | ||
| 264 | 1 |
_aبيروت : _bدار إبن حزم، _c2002. |
|
| 300 | _a374 صفحة. | ||
| 650 | 1 | 7 | _aالإحرام. |
| 650 | 1 | 7 | _aالأنبياء. |
| 650 | 1 | 7 | _aالصحابة. |
| 650 | 1 | 7 | _aالتفسير. |
| 942 |
_2ddc _cBK |
||
| 999 |
_c99101 _d99101 |
||